[Event "53rd Masters"]
[Site "Reggio Emilia ITA"]
[Date "2011.01.02"]
[Round "5"]
[White "Caruana, Fabiano"]
[Black "Gashimov, Vugar"]
[Result "1/2-1/2"]
[WhiteElo "2709"]
[BlackElo "2733"]
[PlyCount "43"]
[EventDate "2010.12.28"]

1. d4 Nf6 2. c4 e6 3. Nc3 Bb4 4. e3 c5 5. Nge2 cxd4 6. exd4 d5 7. a3 Bxc3+ 8.
Nxc3 dxc4 9. Bxc4 Nc6 10. Be3 O-O 11. O-O Nd5 12. Qh5 Nce7 13. Bg5 f6 14. Bd2
Qe8 15. Qf3 Qc6 16. Nxd5 Nxd5 17. Rac1 Bd7 18. Qg3 Qb6 19. Bxd5 exd5 20. Bb4
Rfc8 21. Bc5 Qc7 22. Rfe1 1/2-1/2

[Event "53rd Masters"]
[Site "Reggio Emilia ITA"]
[Date "2011.01.03"]
[Round "6"]
[White "Short, Nigel D"]
[Black "Movsesian, Sergei"]
[Result "0-1"]
[WhiteElo "2680"]
[BlackElo "2721"]
[PlyCount "40"]
[EventDate "2010.12.28"]

1. e4 c5 2. Nf3 e6 3. g3 b6 4. Bg2 Bb7 5. Qe2 d6 6. d4 Nf6 7. e5 Nfd7 8. Bg5
Qc8 9. d5 Bxd5 10. Nc3 Bc6 11. exd6 h6 12. O-O-O Qa6 13. Qe3 hxg5 14. Nxg5 Bxg2
15. Nxe6 fxe6 16. Qxe6+ Kd8 17. Rhe1 Kc8 18. Nd5 Kb7 19. Nc7 Rh6 20. Qg8 Qa4
0-1

[Event "53rd Masters"]
[Site "Reggio Emilia ITA"]
[Date "2011.01.04"]
[Round "7"]
[White "Godena, Michele"]
[Black "Short, Nigel D"]
[Result "0-1"]
[WhiteElo "2549"]
[BlackElo "2680"]
[PlyCount "118"]
[EventDate "2010.12.28"]

1. e4 c6 2. d4 d5 3. Nd2 dxe4 4. Nxe4 Nf6 5. Nxf6+ gxf6 6. c3 Qd5 7. Be3 h5 8.
Qb3 Bh6 9. Nf3 Bxe3 10. fxe3 Qe4 11. Kd2 Nd7 12. Bc4 e6 13. Rhf1 h4 14. Rf2 b6
15. Raf1 Bb7 16. Qa3 c5 17. Bb5 Bc6 18. Qa4 Bxb5 19. Qxb5 O-O-O 20. Qd3 Qd5 21.
c4 Qd6 22. Kc2 f5 23. Rd1 Nf6 24. Ng5 Qc7 25. d5 Rh5 26. Nf3 exd5 27. cxd5 Rxd5
28. Qa6+ Kb8 29. Rfd2 f4 30. exf4 Qxf4 31. Rxd5 Nxd5 32. Kb1 h3 33. Qe2 hxg2
34. Qxg2 Rf5 35. Ne1 Rg5 36. Qh3 Qe4+ 37. Qd3 Qxd3+ 38. Nxd3 Rh5 39. Rf1 c4 40.
Nc1 Rxh2 41. Rxf7 c3 42. Nd3 cxb2 43. Nxb2 Nc3+ 44. Kc1 Nxa2+ 45. Kb1 Nc3+ 46.
Kc1 Nd5 47. Nc4 Rh6 48. Kb2 Nc7 49. Kb3 Re6 50. Na3 a6 51. Nc2 Rd6 52. Nb4 b5
53. Na2 Kb7 54. Nc3 Kb6 55. Rh7 Ne6 56. Rh8 Nc5+ 57. Ka3 Rd3 58. Rh6+ Ka5 59.
Kb2 b4 0-1

[Event "53rd Masters"]
[Site "Reggio Emilia ITA"]
[Date "2011.01.04"]
[Round "7"]
[White "Ivanchuk, Vassily"]
[Black "Navara, David"]
[Result "0-1"]
[WhiteElo "2764"]
[BlackElo "2708"]
[PlyCount "84"]
[EventDate "2010.12.28"]

1. Nf3 Nf6 2. c4 g6 3. g3 Bg7 4. Bg2 d5 5. O-O dxc4 6. Na3 Be6 7. Ng5 Bd5 8. e4
Bc6 9. Nxc4 h6 10. Nxf7 Kxf7 11. Ne5+ Kg8 12. Nxg6 Nbd7 13. d4 Bxe4 14. Bxe4
Nxe4 15. Qd3 Nef6 16. Qb3+ Kh7 17. Qc2 Re8 18. Re1 Kg8 19. Qb3+ e6 20. Rxe6
Rxe6 21. Qxe6+ Kh7 22. Qf5 Qe8 23. Ne5+ Kg8 24. Bf4 Nxe5 25. Bxe5 Qd7 26. Qxd7
Nxd7 27. Bxc7 Rc8 28. Ba5 Rc2 29. Bc3 Nb6 30. Re1 Kf7 31. Kf1 Na4 32. Re2 Rc1+
33. Re1 Rxe1+ 34. Kxe1 Nxc3 35. bxc3 Ke6 36. Kd2 Kd5 37. Kd3 b5 38. f4 a5 39.
g4 Bf6 40. Ke3 a4 41. Kd3 Bd8 42. h3 Be7 0-1

[Event "53rd Masters"]
[Site "Reggio Emilia ITA"]
[Date "2011.01.05"]
[Round "8"]
[White "Gashimov, Vugar"]
[Black "Navara, David"]
[Result "1-0"]
[WhiteElo "2733"]
[BlackElo "2708"]
[PlyCount "107"]
[EventDate "2010.12.28"]

1. e4 e5 2. Nf3 Nc6 3. Bb5 a6 4. Ba4 Nf6 5. O-O Be7 6. Re1 b5 7. Bb3 d6 8. c3
O-O 9. h3 Nb8 10. d4 Nbd7 11. Nbd2 Bb7 12. Bc2 Re8 13. Nf1 Bf8 14. Bg5 h6 15.
Bh4 g6 16. N1h2 Bg7 17. dxe5 dxe5 18. Ng4 g5 19. Bg3 Nxg4 20. hxg4 Qe7 21. a4
c5 22. Nd2 Nf6 23. Nf1 Qe6 24. f3 h5 25. gxh5 Nxh5 26. Bf2 Rad8 27. Qc1 Nf4 28.
Ne3 Qg6 29. axb5 axb5 30. Ra7 g4 31. fxg4 Bxe4 32. Nf5 Bxc2 33. Qxc2 Qxg4 34.
Be3 c4 35. Rb7 Rd3 36. Bxf4 Qxf5 37. Bc1 Qc8 38. Ra7 Bf8 39. b4 Qe6 40. Qf2
Rxc3 41. Bd2 Rb3 42. Rf1 Qd5 43. Be3 Rxe3 44. Rxf7 Bh6 45. Qf5 Qd3 46. Qg4+ Kh8
47. R7f6 Rh3 48. gxh3 Qh7 49. Kh1 Bf4 50. Qf3 Rg8 51. Rb6 Qc2 52. Qh5+ Qh7 53.
Qxh7+ Kxh7 54. Rf3 1-0

[Event "53rd Masters"]
[Site "Reggio Emilia ITA"]
[Date "2011.01.06"]
[Round "9"]
[White "Navara, David"]
[Black "Short, Nigel D"]
[Result "1-0"]
[WhiteElo "2708"]
[BlackElo "2680"]
[PlyCount "85"]
[EventDate "2010.12.28"]

1. c4 e5 2. Nc3 d6 3. g3 Nc6 4. Bg2 g6 5. Rb1 h5 6. h4 Bg7 7. b4 Nh6 8. d3 O-O
9. Nf3 a6 10. a4 Nd4 11. b5 axb5 12. axb5 Bd7 13. Nxd4 exd4 14. Nd5 Ng4 15. Bg5
f6 16. Bf4 Rc8 17. Nb4 Rb8 18. Nc2 f5 19. b6 Bc6 20. bxc7 Qxc7 21. O-O Be5 22.
Qd2 Rfe8 23. Rfe1 Bxg2 24. Kxg2 d5 25. Rb4 Rbd8 26. Nxd4 dxc4 27. Rxc4 Qf7 28.
Bxe5 Nxe5 29. Rb4 Rd7 30. Ra1 Qd5+ 31. Kg1 Kh7 32. Ra7 Rc8 33. Qb2 Rcc7 34. Ra8
Re7 35. Qa1 Rc5 36. Rb1 Qd7 37. Qa4 Qd5 38. Rb8 Rec7 39. Qa1 Ra5 40. Qb2 Ra2
41. Qb6 Rd7 42. Qf6 Qxd4 43. Rh8# 1-0

[Event "53rd Masters"]
[Site "Reggio Emilia ITA"]
[Date "2011.01.06"]
[Round "9"]
[White "Godena, Michele"]
[Black "Caruana, Fabiano"]
[Result "1/2-1/2"]
[WhiteElo "2549"]
[BlackElo "2709"]
[PlyCount "104"]
[EventDate "2010.12.28"]

1. e4 d6 2. d4 Nf6 3. Nc3 g6 4. Nf3 Bg7 5. Be2 O-O 6. O-O a6 7. Re1 Nc6 8. Bf4
Bg4 9. h3 Bxf3 10. Bxf3 Nd7 11. Be3 Rc8 12. Qd2 Na5 13. Be2 c5 14. dxc5 Nxc5
15. Rad1 b5 16. Bd4 Bxd4 17. Qxd4 Nc6 18. Qe3 b4 19. Nd5 e6 20. Nf4 a5 21. Bb5
Ne5 22. Nd3 Qf6 23. Nxe5 Qxe5 24. Qd4 Rb8 25. Bf1 Rfd8 26. b3 Rbc8 27. Rd2 Kf8
28. f3 Qf4 29. Qe3 Qg3 30. Qf2 Qe5 31. Qd4 g5 32. Red1 Qf4 33. Kf2 Ke7 34. g3
Qe5 35. Qxe5 dxe5 36. Rxd8 Rxd8 37. Rc1 f5 38. exf5 exf5 39. Be2 a4 40. bxa4
Nxa4 41. Bd3 Kf6 42. g4 e4 43. fxe4 f4 44. Rb1 Rd4 45. a3 bxa3 46. Ra1 Nc5 47.
Rxa3 Nxe4+ 48. Kf3 Nc5 49. Bxh7 Rd2 50. Ra5 Ne6 51. c3 Rh2 52. Bg8 Rxh3+
1/2-1/2